00238 a2200109 4500260000900000245007400009300000900083260001000092260000900102130000800111710000900119 bINRA aOrganigrammes de technologie des industries alimentaires et agricoles a57p. aParis c1979 lFr. aINRA